[Event "Dundee & Angus Open"]
[Site "?"]
[Date "2013.??.??"]
[Round "1"]
[White "Findlay, David"]
[Black "Pyrich, George"]
[Result "1-0"]
[WhiteElo "2181"]
[BlackElo "1878"]
[PlyCount "43"]

1. e4 d6 2. Nc3 g6 3. Bc4 Nf6 4. d3 Bg7 5. f4 c6 6. Qf3 O-O 7. Nge2 Nbd7 8. a4
b6 9. g4 d5 10. exd5 cxd5 11. Nxd5 Rb8 12. g5 Nxd5 13. Bxd5 Qc7 14. c3 Rd8 15.
d4 Nc5 16. dxc5 Rxd5 17. Qxd5 Bb7 18. c6 Bxc6 19. Qc4 Qd7 20. O-O Rc8 21. Ng3
Qh3 22. Qe2 1-0

[Event "Dundee & Angus Open"]
[Site "?"]
[Date "2013.??.??"]
[Round "1"]
[White "Bamber, Elaine"]
[Black "Mooney, Graham"]
[Result "0-1"]
[WhiteElo "1816"]
[BlackElo "2064"]
[PlyCount "72"]

1. e4 c5 2. Nc3 d6 3. f4 Nc6 4. Nf3 g6 5. Bc4 Bg7 6. d3 Nf6 7. O-O O-O 8. f5
gxf5 9. Qe1 fxe4 10. dxe4 Ne5 11. Nxe5 dxe5 12. Bd5 Nxd5 13. Nxd5 f6 14. Be3 e6
15. Nc3 Qe7 16. Qh4 Bd7 17. Rf3 Be8 18. Raf1 Bg6 19. Ne2 b6 20. Rh3 Rae8 21.
Rff3 f5 22. Bg5 Qd7 23. Rd3 Qf7 24. exf5 Bxf5 25. Rdf3 Qd7 26. Rhg3 Bg6 27. Bh6
e4 28. Rxf8+ Rxf8 29. Nc3 Bd4+ 30. Be3 Bxc3 31. h3 Qd1+ 32. Kh2 Be5 33. Qg5 Qd6
34. h4 Bxg3+ 35. Kh3 Bf4 36. Qg4 Kh8 0-1

[Event "Dundee & Angus Open"]
[Site "?"]
[Date "2013.??.??"]
[Round "1"]
[White "Deary, Daniel"]
[Black "Hogg, Steve"]
[Result "1/2-1/2"]
[WhiteElo "1706"]
[BlackElo "1939"]
[PlyCount "118"]

1. e4 d5 2. exd5 Qxd5 3. Nc3 Qa5 4. d4 Nf6 5. Nf3 Bf5 6. Bc4 e6 7. O-O Nbd7 8.
Re1 Bb4 9. Bd2 c6 10. a3 Bxc3 11. Bxc3 Qc7 12. h3 Ne4 13. Nh4 Nxc3 14. bxc3 Bg6
15. Nxg6 hxg6 16. Qf3 O-O 17. Rab1 b5 18. Bd3 Qd6 19. h4 Nf6 20. Re5 Rac8 21.
g4 c5 22. Rxc5 Rxc5 23. dxc5 Qxc5 24. h5 g5 25. Rxb5 Qxa3 26. Qe3 Qa1+ 27. Kg2
Nd5 28. Qxg5 Qxc3 29. h6 Qf6 30. h7+ Kh8 31. Qxf6 Nxf6 32. c4 Nxg4 33. Be2 Nf6
34. c5 Kxh7 35. Ra5 Nd5 36. Rxa7 Nf4+ 37. Kf3 Nxe2 38. Kxe2 Kg6 39. Kd3 Rd8+
40. Kc4 Rd2 41. c6 Rxf2 42. Ra3 Rh2 43. c7 Rh8 44. Kb5 f5 45. Kc6 Rc8 46. Kd7
Rxc7+ 47. Kxc7 e5 48. Kd6 Kf6 49. Ra8 e4 50. Rf8+ Kg5 51. Ke5 g6 52. Rd8 Kg4
53. Rd1 e3 54. Kd4 Kf3 55. Re1 f4 56. Rf1+ Kg3 57. Kd3 g5 58. Ke2 Kg2 59. Rf3
Kh2 1/2-1/2

[Event "Dundee & Angus Open"]
[Site "?"]
[Date "2013.??.??"]
[Round "1"]
[White "Newton, Andrew"]
[Black "Swan, Iain"]
[Result "0-1"]
[WhiteElo "1861"]
[BlackElo "2145"]
[PlyCount "72"]

1. c4 c5 2. g3 Nf6 3. Bg2 d5 4. cxd5 Nxd5 5. Nc3 Nc7 6. e3 e5 7. Nge2 Nc6 8.
O-O Be7 9. Qb3 O-O 10. Rd1 Re8 11. Nd5 Bf8 12. Nec3 Rb8 13. Nxc7 Qxc7 14. d3
Bg4 15. Re1 Rbd8 16. Nd5 Qd7 17. Bd2 Be6 18. e4 Ne7 19. Nxe7+ Bxe7 20. Qc3 Qxd3
21. Qxd3 Rxd3 22. Bc3 f6 23. Bf1 Rd6 24. a4 Bb3 25. a5 Red8 26. Be2 Kf8 27. Ra3
c4 28. Bb4 Rd4 29. Bxe7+ Kxe7 30. Rc1 Rd2 31. Bf1 R8d4 32. Rb1 Rxe4 33. Bg2
Ree2 34. Bxb7 Rxf2 35. a6 Rxb2 36. Rc1 Ra2 0-1

[Event "Dundee & Angus Open"]
[Site "?"]
[Date "2013.??.??"]
[Round "1"]
[White "Campbell, Duncan"]
[Black "Durno, Joy"]
[Result "1-0"]
[WhiteElo "1992"]
[BlackElo "1734"]
[PlyCount "69"]

1. e4 c5 2. Nc3 Nc6 3. g3 g6 4. Bg2 Bg7 5. d3 d6 6. Be3 Rb8 7. Qd2 b5 8. h3 Nd4
9. Nd1 b4 10. c3 bxc3 11. bxc3 Nc6 12. Ne2 e6 13. O-O Nge7 14. g4 O-O 15. Bh6
Bxh6 16. Qxh6 Ne5 17. Qd2 Ba6 18. c4 Nd7 19. Ne3 f5 20. exf5 gxf5 21. f4 Bb7
22. Ng3 Rf7 23. Rab1 Nb6 24. Rf2 Qf8 25. a4 Bxg2 26. Rxg2 Ng6 27. Nh5 Nxa4 28.
Rxb8 Qxb8 29. gxf5 exf5 30. Qc2 Nb6 31. Rg5 Qc8 32. Qb2 Qe6 33. Nxf5 Kf8 34.
Nhg3 Nxf4 35. Qh8# 1-0

[Event "Dundee & Angus Open"]
[Site "?"]
[Date "2013.??.??"]
[Round "1"]
[White "Gillespie, David"]
[Black "Tate, Alan"]
[Result "0-1"]
[WhiteElo "1888"]
[BlackElo "2240"]
[PlyCount "60"]

1. e4 g6 2. d4 Bg7 3. Nf3 d6 4. Nc3 a6 5. a4 Nf6 6. h3 O-O 7. Be3 Nc6 8. Be2 e5
9. O-O exd4 10. Nxd4 Re8 11. Bf3 Ne5 12. Be2 Nc6 13. Bf3 Ne5 14. Be2 Ned7 15.
Bf3 Nc5 16. Bg5 h6 17. Bxf6 Qxf6 18. Nb3 Ne6 19. Bg4 h5 20. Bxe6 Bxe6 21. Rb1
Qf4 22. Nd4 Bc4 23. Re1 Qe5 24. Nf3 Qc5 25. b4 Qc6 26. b5 axb5 27. axb5 Qc5 28.
Nd5 Ba2 29. b6 Bxb1 30. Qxb1 Ra1 0-1

[Event "Dundee & Angus Open"]
[Site "?"]
[Date "2013.??.??"]
[Round "1"]
[White "Dawson, Alastair"]
[Black "Marks, Ian"]
[Result "1-0"]
[WhiteElo "2500"]
[BlackElo "2500"]
[PlyCount "86"]

1. d4 Nf6 2. Nf3 e6 3. e3 b6 4. Bd3 Bb7 5. Nbd2 Be7 6. b3 c5 7. Bb2 d6 8. c4
O-O 9. Qc2 Nc6 10. a3 cxd4 11. exd4 Rc8 12. Rd1 d5 13. Qb1 g6 14. O-O Re8 15.
Qa1 Ba6 16. Rfe1 Na5 17. Qa2 Bf8 18. Rc1 Bh6 19. Rc2 Re7 20. Bc3 Nc6 21. Bf1
Rec7 22. Qb2 Bb7 23. c5 Bf8 24. b4 Rb8 25. b5 Na5 26. c6 Bc8 27. Ne5 Ne8 28.
Bd3 f6 29. Nef3 Bd6 30. Rcc1 Qe7 31. Bb4 Qg7 32. Re2 g5 33. Rce1 g4 34. Nh4 Qg5
35. g3 f5 36. Bxf5 Bxb4 37. axb4 Nxc6 38. Bxe6+ Bxe6 39. Rxe6 Ne7 40. R1e5 Qg7
41. Nf5 Nxf5 42. Rxf5 Rd8 43. Rc6 Rxc6 1-0

[Event "Dundee & Angus Open"]
[Site "?"]
[Date "2013.??.??"]
[Round "1"]
[White "Kelly, John S"]
[Black "Grant, Alan"]
[Result "1-0"]
[WhiteElo "1830"]
[BlackElo "2276"]
[PlyCount "89"]

1. e4 d6 2. Nc3 Nf6 3. Bc4 c6 4. Bb3 b5 5. d3 a5 6. a4 b4 7. Nce2 Na6 8. Nf3
Nc5 9. Bc4 e6 10. e5 Nd5 11. Ned4 Bb7 12. Bxd5 cxd5 13. Bg5 Be7 14. Bxe7 Qxe7
15. exd6 Qxd6 16. Nb5 Qb6 17. Nbd4 O-O 18. O-O Rfe8 19. Re1 f6 20. c3 g6 21.
Nb5 Ba6 22. c4 dxc4 23. dxc4 Rad8 24. Qc2 Bb7 25. Re3 e5 26. Rae1 Ne6 27. Nd2
Rd7 28. Ne4 Bxe4 29. Qxe4 Red8 30. h4 Nc5 31. Qf3 Nxa4 32. b3 Nc5 33. g4 e4 34.
Qg3 Rd3 35. Nc7 Nxb3 36. Nd5 Qd6 37. Rxd3 exd3 38. Qxd3 Nc5 39. Qd4 Kf8 40. Qd2
Kg7 41. g5 Nd7 42. Re7+ Kh8 43. Qd4 Ne5 44. Qf4 Nxc4 45. Qxf6+ 1-0

[Event "Dundee & Angus Open"]
[Site "?"]
[Date "2013.??.??"]
[Round "1"]
[White "Sykes, Chris"]
[Black "McPheator, Gary"]
[Result "1-0"]
[WhiteElo "1934"]
[BlackElo "1690"]
[PlyCount "67"]

1. d4 Nf6 2. Nc3 e6 3. e4 Bb4 4. e5 Nd5 5. Qg4 Rg8 6. Nge2 c5 7. Bd2 Nc6 8. Ne4
Bxd2+ 9. Kxd2 cxd4 10. Nd6+ Kf8 11. Qh5 Qe7 12. f4 f6 13. Qf3 Ne3 14. c3 Nxf1+
15. Rhxf1 dxc3+ 16. Qxc3 f5 17. g4 Qd8 18. g5 Ne7 19. Rac1 g6 20. Qh3 Kg7 21.
Qa3 Rf8 22. Rf3 a5 23. Rfc3 a4 24. Rc4 Qa5+ 25. Nc3 Nd5 26. Rxa4 Qb6 27. Rxa8
Qf2+ 28. Ne2 Qg2 29. Rcxc8 Nxf4 30. Qe3 Rxc8 31. Rxc8 Qd5+ 32. Qd4 Qxa2 33. Rc2
Qa5+ 34. Qc3 1-0

[Event "Dundee & Angus Open"]
[Site "?"]
[Date "2013.??.??"]
[Round "1"]
[White "Burns-Mannion, Stephen"]
[Black "Ridge, Mike"]
[Result "1-0"]
[WhiteElo "2370"]
[BlackElo "1900"]
[PlyCount "82"]

1. e4 c5 2. Nf3 g6 3. d4 cxd4 4. Nxd4 Nc6 5. c4 Nf6 6. Nc3 d6 7. Be2 Nxd4 8.
Qxd4 Bg7 9. Bg5 O-O 10. Qd2 Be6 11. O-O Qa5 12. Rac1 Rfc8 13. b3 a6 14. f3 b5
15. Nb1 Qxd2 16. Nxd2 h6 17. Bh4 g5 18. Bf2 Nd7 19. Rfd1 Bb2 20. Rb1 Ba3 21.
cxb5 axb5 22. Bxb5 Rc2 23. Nc4 Bc5 24. Bxc5 Nxc5 25. a4 Nxb3 26. Nb6 Ra7 27.
Rd3 Na5 28. Rbd1 Rac7 29. Nd5 Bxd5 30. Rxd5 Nc4 31. Re1 Nb6 32. Rd4 Ra2 33. Re2
Rc1+ 34. Kf2 Raa1 35. Kg3 h5 36. Rb2 Rc3 37. Rdb4 Rca3 38. h4 g4 39. Kf4 gxf3
40. gxf3 f6 41. Be8 Nxa4 1-0

[Event "Dundee & Angus Open"]
[Site "?"]
[Date "2013.??.??"]
[Round "2"]
[White "Hogg, Stephen"]
[Black "Sreeves, Clement"]
[Result "0-1"]
[WhiteElo "1939"]
[BlackElo "2248"]
[PlyCount "54"]

1. Nf3 Nf6 2. b3 g6 3. Bb2 Bg7 4. g3 d6 5. d4 O-O 6. Bg2 c5 7. e3 cxd4 8. exd4
d5 9. O-O Nc6 10. Nbd2 Bf5 11. Nh4 Bg4 12. f3 Bd7 13. f4 Qb6 14. Nhf3 Ng4 15.
Qe2 Nxd4 16. Nxd4 Bxd4+ 17. Bxd4 Qxd4+ 18. Kh1 Ne3 19. Nf3 Qc3 20. Rfe1 Nxg2
21. Kxg2 Bf5 22. Qe5 Rac8 23. Nd4 Bxc2 24. Rac1 Be4+ 25. Kh3 Qd2 26. Rxc8 Qg2+
27. Kg4 h5+ 0-1

[Event "Dundee & Angus Open"]
[Site "?"]
[Date "2013.??.??"]
[Round "2"]
[White "Tate, Alan"]
[Black "Kelly, John S"]
[Result "1-0"]
[WhiteElo "2276"]
[BlackElo "1830"]
[PlyCount "51"]

1. e4 c5 2. Nf3 d6 3. d4 cxd4 4. Nxd4 Nf6 5. Nc3 a6 6. h3 Nc6 7. g4 Nxd4 8.
Qxd4 e5 9. Qd3 Be6 10. f4 Nd7 11. f5 Nc5 12. Qg3 Be7 13. h4 Nxe4 14. Nxe4 Bd5
15. Bg2 Bxe4 16. Bxe4 d5 17. Bg2 Qc7 18. c3 O-O-O 19. Bd2 Bc5 20. O-O-O Rhe8
21. Rhe1 f6 22. Kb1 Qb6 23. Be3 d4 24. cxd4 exd4 25. Bf4 Rxe1 26. Qxe1 1-0

[Event "Dundee & Angus Open"]
[Site "?"]
[Date "2013.??.??"]
[Round "2"]
[White "Oswald, David"]
[Black "James, Chris"]
[Result "1-0"]
[WhiteElo "2148"]
[BlackElo "1811"]
[PlyCount "49"]

1. e4 e5 2. f4 Bc5 3. Nf3 d6 4. Bc4 Nf6 5. d3 Nc6 6. Nc3 a6 7. Rf1 O-O 8. f5 b5
9. Bb3 h6 10. Qe2 Na5 11. Nd5 Nxd5 12. Bxd5 c6 13. Bb3 Nxb3 14. axb3 Re8 15. g4
d5 16. g5 Bxf5 17. gxh6 Bh3 18. Ng5 gxh6 19. Nxh3 Qh4+ 20. Nf2 Kh7 21. Be3 Bb4+
22. c3 Bd6 23. Qg4 Qe7 24. Qf5+ Kh8 25. Ng4 1-0

8 25. Ng4 1-0

[Event "Dundee & Angus Open"]
[Site "?"]
[Date "2013.??.??"]
[Round "2"]
[White "Swan, Iain"]
[Black "Dawson, Alastair"]
[Result "1/2-1/2"]
[WhiteElo "2145"]
[BlackElo "1784"]
[PlyCount "64"]

1. e4 c5 2. Nf3 g6 3. d4 cxd4 4. Nxd4 Nc6 5. c4 Nf6 6. Nc3 Nxd4 7. Qxd4 d6 8.
Be3 Bg7 9. f3 O-O 10. Qd2 Be6 11. Be2 Qa5 12. Rc1 Rfc8 13. Nd5 Qxd2+ 14. Kxd2
Nxd5 15. cxd5 Bd7 16. b4 a6 17. g4 Bb2 18. Rc2 Rxc2+ 19. Kxc2 Bg7 20. Kb3 Rc8
21. Rc1 Rxc1 22. Bxc1 b5 23. Kc2 f5 24. exf5 gxf5 25. g5 Kf7 26. h4 Kg6 27. f4
h5 28. Bb2 Bxb2 29. Kxb2 Be8 30. a4 Bd7 31. Kc3 Be8 32. axb5 axb5 1/2-1/2

[Event "Dundee & Angus Open"]
[Site "?"]
[Date "2013.??.??"]
[Round "2"]
[White "Marks, Ian"]
[Black "Newton, Andrew"]
[Result "1-0"]
[WhiteElo "2046"]
[BlackElo "1861"]
[PlyCount "97"]

1. e4 c5 2. c3 g6 3. d4 cxd4 4. cxd4 d5 5. e5 Bg7 6. Nc3 Nc6 7. Be3 e6 8. f4
Nge7 9. Nf3 O-O 10. Be2 Bd7 11. O-O Nf5 12. Bf2 Qb6 13. Qd2 Rac8 14. Rac1 a6
15. Na4 Qa7 16. Nc5 Nb8 17. g4 Nh6 18. h3 b6 19. Nxd7 Qxd7 20. Be3 b5 21. f5
exf5 22. Bxh6 fxg4 23. Nh2 Rxc1 24. Rxc1 g3 25. Ng4 f5 26. Nf6+ Rxf6 27. exf6
Bxf6 28. Qd3 Kf7 29. Bf4 Qe6 30. Qe3 Qxe3+ 31. Bxe3 g5 32. Rc7+ Kg6 33. Rb7 Nc6
34. Rb6 Nb4 35. Bd2 Nc2 36. Bc3 Kg7 37. Rxa6 Bxd4+ 38. Bxd4+ Nxd4 39. Bd1 f4
40. Rd6 Nf5 41. Rxd5 Kf6 42. Rxb5 Nh4 43. Rb3 Ke5 44. a4 Ke4 45. a5 f3 46.
Bxf3+ Nxf3+ 47. Rxf3 Kxf3 48. a6 h5 49. a7 1-0

[Event "Dundee & Angus Open"]
[Site "?"]
[Date "2013.??.??"]
[Round "2"]
[White "Doyle, Jim"]
[Black "Findlay, David"]
[Result "1/2-1/2"]
[WhiteElo "1906"]
[BlackElo "2181"]
[PlyCount "56"]

1. d4 Nf6 2. c4 g6 3. Nc3 Bg7 4. e4 d6 5. f3 O-O 6. Be3 Nc6 7. Qd2 Re8 8. O-O-O
a6 9. Nge2 b5 10. g4 bxc4 11. h4 h5 12. Ng3 e5 13. d5 Nd4 14. gxh5 Nxf3 15. Qg2
Bg4 16. hxg6 fxg6 17. Bxc4 Nh5 18. Nge2 Qd7 19. Bb3 Rf8 20. Ba4 Qc8 21. Rdf1
Rb8 22. Ng1 Nd4 23. Rxf8+ Bxf8 24. Rh2 Nf4 25. Bxf4 exf4 26. Qd2 Bg7 27. Qxf4
Be5 28. Qg5 Bxh2 1/2-1/2

[Event "Dundee & Angus Open"]
[Site "?"]
[Date "2013.??.??"]
[Round "2"]
[White "Sykes, Chris"]
[Black "Burns-Mannion, Stephen"]
[Result "0-1"]
[WhiteElo "1934"]
[BlackElo "2370"]
[PlyCount "56"]

1. d4 d5 2. Bf4 Nf6 3. e3 c5 4. c3 Qb6 5. Qb3 c4 6. Qxb6 axb6 7. Nd2 b5 8. a3
Nc6 9. b4 Bf5 10. Ngf3 e6 11. Be2 Be7 12. Kd1 Nd7 13. Ne5 Ndxe5 14. dxe5 g5 15.
Bg3 h5 16. h3 Kd7 17. Kc1 f6 18. exf6 Bxf6 19. Kb2 h4 20. Bh2 Rhd8 21. Rhd1 Ke7
22. f3 d4 23. exd4 Nxd4 24. Bf1 Nc2 25. Rac1 Bxc3+ 26. Kxc3 Rxa3+ 27. Kb2 c3+
28. Kb1 Ra1# 0-1

[Event "Dundee & Angus Open"]
[Site "Microsoft"]
[Date "2013.10.12"]
[Round "2"]
[White "Robinson, Stephen"]
[Black "Olson, Hamish"]
[Result "1-0"]
[WhiteElo "1802"]
[BlackElo "2092"]
[PlyCount "51"]
[EventDate "2013.10.25"]

{1MB. Pentium
} 1. d4 Nf6 2. Nc3 d5 3. Bg5 Nbd7 4. Qd3 e6 5. e4 dxe4 6. Nxe4
Be7 7. Bxf6 Bxf6 8. Nxf6+ Qxf6 9. Nf3 c6 10. Qe3 Nb6 11. c4 c5 12. Rd1 cxd4 13.
Rxd4 O-O 14. Bd3 Rd8 15. Bxh7+ Kf8 16. Rf4 Qxb2 17. Rxf7+ Kxf7 18. Ne5+ Ke8 19.
Bg6+ Ke7 20. Qg5+ Kd6 21. Nf7+ Kc6 22. Nxd8+ Kc7 23. Qe7+ Nd7 24. Nxe6+ Kc6 25.
Be4+ Kb6 26. Qd8+ 1-0

[Event "Dundee & Angus Open"]
[Site "Microsoft"]
[Date "2013.10.12"]
[Round "2"]
[White "Livingstone, Jonathan"]
[Black "Edwards, Jonathan"]
[Result "0-1"]
[WhiteElo "1656"]
[BlackElo "1994"]
[PlyCount "76"]
[EventDate "2013.10.25"]

{1MB. Pentium
} 1. e4 d6 2. Nf3 g6 3. c3 Bg7 4. d3 c5 5. Be3 Nc6 6. Nbd2 Nf6
7. h3 O-O 8. Be2 e5 9. O-O Qe7 10. Nb3 b6 11. Qc1 Re8 12. Bg5 Qc7 13. Bh6 Bh8
14. Nh2 d5 15. exd5 Nxd5 16. Bf3 Be6 17. Bxd5 Bxd5 18. f4 c4 19. dxc4 Bxc4 20.
Rf2 e4 21. f5 Ne5 22. fxg6 hxg6 23. Qf4 e3 24. Rc2 Rac8 25. Nd4 Bd3 26. Rcc1
Nc4 27. Ng4 f5 28. Qxc7 Rxc7 29. Nxe3 Nxe3 30. Re1 Rce7 31. Nc6 Re4 32. Nb4 Nc2
33. Rxe4 Bxe4 34. Nxc2 Bxc2 35. Rc1 Re2 36. Kf1 Bd3 37. Re1 Rxb2+ 38. Kg1 Rb1
0-1

[Event "Dundee & Angus Open"]
[Site "Microsoft"]
[Date "2013.10.12"]
[Round "2"]
[White "Neave, George"]
[Black "Deary, Daniel"]
[Result "1-0"]
[WhiteElo "2024"]
[BlackElo "2053"]
[PlyCount "85"]
[EventDate "2013.10.25"]

{1MB. Pentium} 1. e4 c5 2. Nf3 d6 3. d4 cxd4 4. Nxd4 Nf6 5. Nc3 a6 6. Bg5 e6 7.
Qf3 Be7 8. O-O-O Qc7 9. Qg3 Nbd7 10. Be2 b5 11. a3 Bb7 12. Rhe1 Rc8 13. Kb1 h6
14. Be3 d5 15. e5 Ne4 16. Nxe4 dxe4 17. Qxg7 Qxe5 18. Qxe5 Nxe5 19. Bh5 Bd5 20.
Ne2 Bf6 21. Ng3 Nc4 22. Bd4 Bxd4 23. Rxd4 Nd6 24. f3 Rd8 25. fxe4 Nxe4 26.
Rdxe4 Bxe4 27. Nxe4 Ke7 28. b4 Rhg8 29. Bf3 a5 30. Kb2 axb4 31. axb4 Rge8 32.
Nc3 Rd2 33. Kb3 f5 34. Nxb5 Rdd8 35. Nc7 Rg8 36. Nxe6 Rd6 37. Nf4+ Kd7 38. c4
Rd4 39. Nd5 Rb8 40. Kc3 Rh4 41. h3 Kd8 42. Re5 Rc8 43. c5 1-0

[Event "Dundee & Angus Open"]
[Site "?"]
[Date "2013.10.12"]
[Round "2"]
[White "Smith, John SR"]
[Black "Bremner, Adam"]
[Result "1-0"]
[WhiteElo "1869"]
[BlackElo "2163"]
[PlyCount "109"]

1. e4 c6 2. Nc3 d5 3. d4 dxe4 4. Nxe4 Bf5 5. Ng3 Bg6 6. Nf3 Nd7 7. Bd3 e6 8.
O-O Ngf6 9. Re1 Bd6 10. a4 O-O 11. Ne5 Qc7 12. Nxg6 hxg6 13. c4 c5 14. dxc5
Nxc5 15. Bb1 a5 16. Ra3 Qc6 17. Qc2 Na6 18. Rf3 Nb4 19. Qc3 Rfd8 20. Rxf6 gxf6
21. Qxf6 Qc7 22. Nh5 Bxh2+ 23. Kh1 Be5 24. Rxe5 Kf8 25. Bg5 Ke8 26. Bxg6 Rd1+
27. Kh2 Nc6 28. Ng7+ Kd7 29. Qxf7+ Kc8 30. Qxc7+ Kxc7 31. Nxe6+ Kb6 32. Be3+
Nd4 33. Bxd4+ Kc6 34. Be4+ Kd6 35. c5+ Kd7 36. Bf3 Rc1 37. Bc3 Re8 38. Ng5 Rxe5
39. Bxe5 Rxc5 40. Bf4 b5 41. Be3 Rc2 42. axb5 Rxb2 43. Bc6+ Kc7 44. Ne6+ Kd6
45. Nc5 Ra2 46. g4 a4 47. g5 a3 48. g6 Ke7 49. g7 Kf7 50. Bd5+ Kf6 51. Bxa2 Ke5
52. g8=Q Kd6 53. Qe6+ Kc7 54. Qc6+ Kd8 55. Bg5# 1-0

[Event "Dundee & Angus Open"]
[Site "Microsoft"]
[Date "2013.10.12"]
[Round "2"]
[White "Tsang, Sai Kong"]
[Black "Bamber, Elaine"]
[Result "1-0"]
[WhiteElo "1856"]
[BlackElo "2064"]
[PlyCount "100"]
[EventDate "2013.10.25"]

{1MB. Pentium
} 1. g3 Nf6 2. Bg2 g6 3. d4 Bg7 4. Nf3 O-O 5. O-O d5 6. c4 dxc4
7. Ne5 c6 8. Na3 Nbd7 9. Naxc4 Nxe5 10. Nxe5 Qb6 11. b3 Ng4 12. Nxg4 Bxg4 13.
h3 Bxd4 14. hxg4 Rfd8 15. Bh6 Bxa1 16. Qxa1 Qd4 17. Bf3 Qxa1 18. Rxa1 Rd7 19.
e4 e5 20. Be3 b6 21. g5 c5 22. Be2 Rad8 23. Kf1 Kf8 24. Ke1 Ke7 25. Bc4 f5 26.
gxf6+ Kxf6 27. Ke2 h5 28. Rh1 Rc7 29. Bd2 Re7 30. Rd1 Red7 31. Bd5 g5 32. Bc3
g4 33. Rh1 Rh7 34. Rh4 Kg6 35. Be6 Re7 36. Bf5+ Kg5 37. Bd2+ Rxd2+ 38. Kxd2 a5
39. Rh1 a4 40. Rb1 axb3 41. Rxb3 Rb7 42. a4 h4 43. gxh4+ Kxh4 44. a5 b5 45. a6
Rb8 46. Ra3 b4 47. Ra4 Ra8 48. a7 c4 49. Be6 c3+ 50. Kc2 Rf8 1-0

[Event "Dundee & Angus Open"]
[Site "Microsoft"]
[Date "2013.10.12"]
[Round "2"]
[White "Grant, Alan"]
[Black "Donohue, Tom"]
[Result "1/2-1/2"]
[WhiteElo "2122"]
[BlackElo "1976"]
[PlyCount "64"]
[EventDate "2013.10.25"]

{1MB. Pentium
} 1. Nf3 c5 2. c4 b6 3. g3 Bb7 4. Bg2 g6 5. O-O Bg7 6. Nc3 Nf6
7. a3 O-O 8. Rb1 d5 9. cxd5 Nxd5 10. Nxd5 Qxd5 11. d3 Nc6 12. Nd2 Qd7 13. b4
cxb4 14. axb4 Nd4 15. Bxb7 Qxb7 16. Nb3 Nb5 17. Bb2 Nc3 18. Bxc3 Bxc3 19. b5
Rfd8 20. Nd2 Rd5 21. Nf3 Bg7 22. Qa4 Qd7 23. Rb4 Rc8 24. d4 Rc7 25. h4 Qf5 26.
Kg2 h6 27. Rd1 Qe4 28. Qb3 Rc2 29. Re1 g5 30. hxg5 hxg5 31. Qe3 Qxe3 32. fxe3
g4 1/2-1/2

[Event "Dundee & Angus Open"]
[Site "?"]
[Date "2013.10.12"]
[Round "2"]
[White "MacQueen, Calum"]
[Black "Abdulla, Murad"]
[Result "1-0"]
[WhiteElo "2242"]
[BlackElo "1834"]
[PlyCount "100"]

1. d4 Nf6 2. c4 c5 3. d5 b5 4. cxb5 a6 5. b6 d6 6. Nc3 Qxb6 7. a4 a5 8. e4 Ba6
9. Bb5+ Bxb5 10. axb5 Nbd7 11. Nf3 g6 12. O-O Bg7 13. Nd2 Ne5 14. f4 c4+ 15.
Kh1 Nd3 16. Qe2 Ng4 17. Qxg4 Nf2+ 18. Rxf2 Qxf2 19. Qf3 Qe1+ 20. Qf1 Qxf1+ 21.
Nxf1 O-O 22. Be3 a4 23. Ra3 f5 24. Nd2 Bxc3 25. bxc3 Ra5 26. b6 fxe4 27. Nxc4
Rxd5 28. g3 Rd3 29. Bd4 e3 30. Nxe3 e5 31. fxe5 dxe5 32. Bc5 Rc8 33. b7 Rb8 34.
Ng4 Rxb7 35. Nxe5 Rd2 36. Rxa4 Rb1+ 37. Bg1 Rdd1 38. Nf3 Rd3 39. Kg2 Rb2+ 40.
Bf2 Rxc3 41. Rf4 Rc8 42. g4 Rf8 43. Rxf8+ Kxf8 44. Kg3 Rb3 45. Kf4 h6 46. Bd4
Rb4 47. Ke5 Rb3 48. Ke4 Kg8 49. h4 Ra3 50. Kf4 Ra4 1-0

[Event "Dundee & Angus Open"]
[Site "?"]
[Date "2013.10.12"]
[Round "2"]
[White "Petesch, Gabriel"]
[Black "Campbell, Duncan"]
[Result "1-0"]
[WhiteElo "2323"]
[BlackElo "1992"]
[PlyCount "88"]
[EventDate "2013.??.??"]

1. g3 f5 2. Bg2 Nf6 3. f4 e6 4. b3 d5 5. Nf3 Bd6 6. Bb2 O-O 7. Ne5 Bd7 8. e3
Be8 9. O-O Bh5 10. Qe1 Nbd7 11. d3 c6 12. Nd2 Qc7 13. Ndf3 Bxf3 14. Nxf3 Rae8
15. Qd2 e5 16. fxe5 Nxe5 17. Nxe5 Bxe5 18. d4 Bxg3 19. hxg3 Qxg3 20. Qf2 Qxf2+
21. Rxf2 Ng4 22. Rf3 Nxe3 23. Bh3 g6 24. Rf2 Re4 25. Re1 Rfe8 26. c3 Kg7 27.
Bc1 Ng4 28. Rxe4 Rxe4 29. Bxg4 Rxg4+ 30. Kf1 h6 31. Bf4 g5 32. Bb8 Kg6 33. Bxa7
Re4 34. c4 f4 35. cxd5 cxd5 36. Re2 Kf5 37. a4 f3 38. Rh2 Re3 39. Rxh6 Rxb3 40.
Kf2 g4 41. Kg3 Rb2 42. Rh5+ Kg6 43. Kxg4 f2 44. Rg5+ Kf6 1-0


3 48. Ke4 Kg8 49. h4 Ra3 50. Kf4 Ra4 1-0

[Event "Dundee & Angus Open"]
[Site "?"]
[Date "2013.10.12"]
[Round "2"]
[White "McPheator, Gary"]
[Black "Gillespie, David P"]
[Result "1-0"]
[WhiteElo "1690"]
[BlackElo "1888"]
[PlyCount "129"]

1. e4 c5 2. Nc3 Nc6 3. g3 g6 4. Bg2 Bg7 5. d3 e6 6. Be3 Nd4 7. Nce2 Ne7 8. c3
Nxe2 9. Nxe2 d6 10. Qd2 O-O 11. Bh6 Rb8 12. h4 Bxh6 13. Qxh6 Kh8 14. h5 Ng8 15.
Qd2 e5 16. O-O-O Qa5 17. Kb1 Be6 18. b3 b5 19. Rh2 b4 20. c4 Qd8 21. f4 Nf6 22.
hxg6 fxg6 23. Rdh1 Rb7 24. Bf3 Bg4 25. Bxg4 Nxg4 26. Rh4 Nf6 27. Nc1 Rbf7 28.
fxe5 dxe5 29. Qg5 Nxe4 30. Qxd8 Nc3+ 31. Ka1 Rxd8 32. R4h2 Kg8 33. Kb2 Rd6 34.
Re1 Re6 35. Ne2 Nxe2 36. Rhxe2 Rfe7 37. Kc2 h5 38. Kd2 Kg7 39. Ke3 Rd7 40. Kd2
Kf6 41. Rf1+ Kg5 42. Rfe1 Rde7 43. Re4 Kh6 44. Rf1 g5 45. Kc2 Kg6 46. Rfe1 g4
47. Kb2 Kg5 48. Kc2 h4 49. gxh4+ Kxh4 50. Rh1+ Kg3 51. Rg1+ Kf3 52. Rexg4 Rh7
53. R4g3+ Kf4 $11 54. Rg8 e4 55. Rf8+ Ke5 56. dxe4 Rh2+ 57. Kb1 Kd4 58. Rd1+
Ke3 59. Rf5 Rg6 60. Rxc5 Rgg2 61. Re1+ Kd2 62. Rc1 Ke3 $11 63. Ra5 Rb2+ 64. Ka1
Kd2 65. Kxb2 1-0

[Event "Dundee & Angus Open"]
[Site "?"]
[Date "2013.10.12"]
[Round "2"]
[White "Mooney, Graham"]
[Black "Romilly, Peter"]
[Result "1/2-1/2"]
[WhiteElo "1816"]
[BlackElo "2126"]
[PlyCount "41"]
[EventDate "2013.??.??"]

1. e4 c5 2. Nf3 d6 3. d4 cxd4 4. Nxd4 Nf6 5. Nc3 Nc6 6. Be3 Ng4 7. Qd2 e6 8.
Be2 Nxe3 9. Qxe3 Qb6 10. Ndb5 Qxe3 11. fxe3 Rb8 12. O-O-O Bd7 13. Nxd6+ Bxd6
14. Rxd6 Ke7 15. Rhd1 Ne5 16. R6d4 Rhc8 17. h3 Rc5 18. R1d2 b5 19. Nd1 b4 20.
Nf2 Bc6 21. Nd3 1/2-1/2

[Event "Dundee & Angus Open"]
[Site "?"]
[Date "2013.10.12"]
[Round "2"]
[White "Ridge, Mike"]
[Black "Durno, Joy"]
[Result "0-1"]
[WhiteElo "1900"]
[BlackElo "1734"]
[PlyCount "85"]

1. e4 c5 2. Nf3 e6 3. Nc3 Nc6 4. d4 cxd4 5. Nxd4 d6 6. Be3 Nf6 7. Be2 Be7 8.
O-O a6 9. f4 O-O 10. Qe1 Qc7 11. Rd1 Bd7 12. Kh1 Nxd4 13. Bxd4 Bc6 14. Qg3 g6
15. Qe3 b5 16. a3 Rfe8 17. Bf3 Rab8 18. Qf2 b4 19. axb4 Rxb4 20. e5 Nd7 21. Ne4
Bxe4 22. Bxe4 d5 23. Bd3 Nc5 24. Bc3 Ne4 25. Qe1 Nxc3 26. bxc3 Ra4 27. Ra1 Rxa1
28. Qxa1 a5 29. Rb1 Ra8 30. h3 a4 31. Bb5 a3 32. Rb3 Qc5 33. Qa2 Qe3 34. c4
Qc1+ 35. Kh2 Qxf4+ 36. g3 Qf2+ 37. Kh1 Bc5 38. Qa1 Qxc2 39. Rf3 a2 40. Bc6 Rb8
41. Bb5 dxc4 42. Qf1 Rxb5 43. Rxf7 {Remaining moves missing} 0-1

[Event "Dundee & Angus Open"]
[Site "?"]
[Date "2013.10.12"]
[Round "3"]
[White "Pyrich, George"]
[Black "McPheator, Gary"]
[Result "1-0"]
[WhiteElo "1878"]
[BlackElo "1690"]
[PlyCount "47"]
[EventDate "2013.??.??"]

1. d4 Nf6 2. c4 e6 3. Nc3 Bb4 4. f3 c5 5. a3 cxd4 6. axb4 dxc3 7. bxc3 h6 8.
Bf4 g5 9. Bd6 b6 10. e4 Nc6 11. Bd3 Bb7 12. Ne2 Ne7 13. O-O Ng6 14. Ng3 h5 15.
e5 Ng8 16. Be4 Qc8 17. c5 Nf4 18. c4 f5 19. exf6 Nxf6 20. Qd4 Rh6 21. Rfe1 h4
22. Nf5 Bxe4 23. Nxh6 bxc5 24. Qxf6 1-0